000
00308nam a22001337a 4500
008
170807b xxu||||| |||| 00| 0 eng d
020
_a
9780073250328
041
_a
eng
080
_a
004
100
_a
33
101
_a
SHKI
245
_a
DATA COMMUNICATIONS AND NETWORKING
_c
FOROUZAN, B.A
942
_2
udc
_c
BK
999
_c
22741
_d
22741